书目信息 |
| 题名: |
乐府诗选
|
|
| 作者: | 朱剑心 编注 | |
| 分册: | ||
| 出版信息: | 北京 人民文学出版社 2018 |
|
| 页数: | 417页 | |
| 开本: | 21cm | |
| 丛书名: | 恋上古诗词 | |
| 单 册: | ||
| 中图分类: | I222.6 | |
| 科图分类: | ||
| 主题词: | 乐府诗--yue fu shi--诗集--中国--古代 | |
| 电子资源: | ||
| ISBN: | 978-7-02-013607-0 | |
| 000 | 01042nam 2200289 450 | |
| 001 | 012001007903 | |
| 005 | 20131021155703.0 | |
| 010 | @a978-7-02-013607-0@dCNY59.00 | |
| 099 | @aCAL 012018116135 | |
| 100 | @a20180810d2018 em y0chiy50 ea | |
| 101 | 0 | @achi |
| 102 | @aCN@b110000 | |
| 105 | @ay z 000gy | |
| 106 | @ar | |
| 200 | 1 | @a乐府诗选@Ayue fu shi xuan@f朱剑心编注 |
| 210 | @a北京@c人民文学出版社@d2018 | |
| 215 | @a417页@d21cm | |
| 225 | 2 | @a恋上古诗词@Alian shang gu shi ci@e版画插图版 |
| 225 | 2 | @a99读书人@A99 du shu ren |
| 330 | @a《乐府诗选》为乐府经典选本,选诗广,分类新,视野开阔,注释简要,颇便读者。全书分上下两编,收录乐府840首。上编依郭茂倩《乐府诗集》,专选汉魏六朝乐府古辞454首。下编则选魏晋以后入乐或不入乐、拟作或创作之非古辞386首。 | |
| 410 | 0 | @12001 @a恋上古诗词@e版画插图版 |
| 410 | 0 | @12001 @a99读书人 |
| 606 | 0 | @a乐府诗@Ayue fu shi@x诗集@y中国@z古代 |
| 690 | @aI222.6@v4 | |
| 701 | 0 | @a朱剑心@Azhu jian xin@4编注 |
| 801 | 0 | @aCN@b上海新华@c20191020 |
| 905 | @b1180363-7@dI222.6@e729@f5 | |
| 乐府诗选/朱剑心编注.-北京:人民文学出版社,2018 |
| 417页;21cm.-(恋上古诗词:版画插图版).-(99读书人) |
| ISBN 978-7-02-013607-0:CNY59.00 |
| 《乐府诗选》为乐府经典选本,选诗广,分类新,视野开阔,注释简要,颇便读者。全书分上下两编,收录乐府840首。上编依郭茂倩《乐府诗集》,专选汉魏六朝乐府古辞454首。下编则选魏晋以后入乐或不入乐、拟作或创作之非古辞386首。 |
| ● |
| 相关链接 |
|
|
|
|
正题名:乐府诗选
索取号:I222.6/729
 
预约/预借
| 序号 | 登录号 | 条形码 | 馆藏地/架位号 | 状态 | 备注 |
| 1 | 1180363 | 211803636 | 第一样本阅览室/ [索取号:I222.6/729] | 在馆 | |
| 2 | 1180364 | 211803645 | 第二借阅区/ [索取号:I222.6/729] | 在馆 | |
| 3 | 1180365 | 211803654 | 第二借阅区/ [索取号:I222.6/729] | 在馆 | |
| 4 | 1180366 | 211803663 | 第二借阅区/ [索取号:I222.6/729] | 在馆 | |
| 5 | 1180367 | 211803672 | 第二借阅区/ [索取号:I222.6/729] | 在馆 |